00670nam a2200169 a 450000100100000000500170001000800410002704000250006808200150009310000380010824500890014626000850023550400320032004900090035295201220036199900170048300002861320200930055034.0110411s1988 dr a 000 0 spa d aDO-SdBNPbspacBNPHU axxxbV181c1 aValle O., Florencia E. del95556710aLa contabilidad por fondos y el sistema de contabilidad /cFlorencia E. del Valle O. aSanto Domingo :bCentro Dominicana de Organizaciones de Interés Social,c1988. aBibliografía : p. 107-108 aBNPD 001054708PDaPDbPDcCTd2011-04-11iLF1l0oxxx V181cp28613-10r2020-06-25w2020-06-25yLFPDZPréstamo en sala c28105d28105